[Event "NRW-ch op Seniors 14th"]
[Site "Beverungen"]
[Date "2003.06.19"]
[Round "6.19"]
[White "Becker, Bernhard"]
[Black "Frericks, Willy"]
[Result "1/2-1/2"]
[WhiteElo "1713"]
[BlackElo "1723"]
[PlyCount "146"]
[EventDate "2003.06.14"]
[EventType "swiss"]
[EventRounds "9"]
[EventCountry "GER"]
[SourceTitle "EXT 2004"]
[Source "ChessBase"]
[SourceDate "2003.11.25"]
[SourceVersion "1"]
[SourceVersionDate "2003.11.25"]
[SourceQuality "1"]

1. e4 e5 2. Nf3 Nc6 3. c3 Nf6 4. d3 d6 5. Be2 Be7 6. Bg5 h6 7. Bh4 Be6 8. 0-0 Qd7 9. Ne1 g5 10. Bg3 h5 11. d4 h4 12. d5 hxg3 13. fxg3 Nxe4 14. dxe6 Qxe6 15. Bg4 Qh6 16. Bh3 Nf6 17. g4 0-0-0 18. b4 Kb8 19. a4 Qg6 20. a5 Rd7 21. Nd2 d5 22. Nb3 d4 23. Nc5 Bxc5 24. bxc5 dxc3 25. Qa4 Rd4 26. Qb3 Nxg4 27. a6 b6 28. cxb6 cxb6 29. Qxc3 f5 30. Nf3 Rd5 31. Rae1 Rc5 32. Qb2 Re8 33. Qb1 Nh6 34. g4 Qf6 35. Nd2 e4 36. Rxe4 Rxe4 37. Nxe4 Qd4+ 38. Nf2 Nxg4 39. Bxg4 fxg4 40. Qh7 Na5 41. Rd1 Qe3 42. Rd8+ Rc8 43. Rxc8+ Kxc8 44. Qf5+ Kd8 45. Qxg4 Ke7 46. h3 Kf6 47. Kg2 Qe5 48. Qd7 Qe7 49. Ng4+ Kf7 50. Nh6+ Kf8 51. Qc8+ Qe8 52. Qf5+ Kg7 53. Qxg5+ Qg6 54. Nf5+ Kh7 55. Qxg6+ Kxg6 56. Nd6 Nc6 57. Nb5 Nb4 58. Nc7 Kh5 59. Kg3 Nd3 60. Nd5 b5 61. Nf4+ Nxf4 62. Kxf4 Kh4 63. Ke3 b4 64. Kd3 b3 65. Kc3 b2 66. Kxb2 Kxh3 67. Kb3 Kg4 68. Kc4 Kf5 69. Kc5 Ke6 70. Kc6 Ke7 71. Kc7 Ke6 72. Kb7 Kd7 73. Kxa7 Kc7 1/2-1/2

[Event "NRW-ch op Seniors 14th"]
[Site "Beverungen"]
[Date "2003.06.16"]
[Round "3.20"]
[White "Bornemann, Anton"]
[Black "Becker, Bernhard"]
[Result "1-0"]
[WhiteElo "1650"]
[BlackElo "1713"]
[PlyCount "95"]
[EventDate "2003.06.14"]
[EventType "swiss"]
[EventRounds "9"]
[EventCountry "GER"]
[SourceTitle "EXT 2004"]
[Source "ChessBase"]
[SourceDate "2003.11.25"]
[SourceVersion "1"]
[SourceVersionDate "2003.11.25"]
[SourceQuality "1"]

1. e4 e5 2. f4 exf4 3. Nf3 Be7 4. Bc4 d6 5. d4 Nd7 6. Bxf4 Nb6 7. Bb3 Nf6 8. Nbd2 h6 9. c3 Bd7 10. 0-0 Bc6 11. d5 Bd7 12. c4 Nh5 13. Be3 Bg5 14. Bd4 Nf4 15. e5 0-0 16. Ne4 Bg4 17. Qc2 Bxf3 18. Rxf3 dxe5 19. Bxe5 Ng6 20. Bc3 Nd7 21. Rf5 Be3+ 22. Kh1 Qh4 23. Raf1 Rae8 24. Ng3 Bf4 25. Rh5 Qg4 26. Qf5 Qxf5 27. Nxf5 Nf6 28. Bxf6 gxf6 29. Nxh6+ Bxh6 30. Rxh6 Kg7 31. Rh3 Re2 32. Rhf3 Nh4 33. Rg3+ Ng6 34. Rgf3 Nh4 35. Rf4 Rh8 36. Rxf6 Re7 37. g3 Ng6 38. c5 Ne5 39. d6 cxd6 40. cxd6 Rd7 41. R6f5 f6 42. Rxf6 Rxh2+ 43. Kxh2 Ng4+ 44. Kg2 Nxf6 45. Rd1 Ne4 46. Rd4 Nxd6 47. Kf3 Kf6 48. Kf4 1-0

[Event "NRW-ch op Seniors 14th"]
[Site "Beverungen"]
[Date "2003.06.14"]
[Round "1.3"]
[White "Khanukov, Boris"]
[Black "Becker, Bernhard"]
[Result "1-0"]
[WhiteElo "2339"]
[BlackElo "1713"]
[PlyCount "81"]
[EventDate "2003.06.14"]
[EventType "swiss"]
[EventRounds "9"]
[EventCountry "GER"]
[SourceTitle "EXT 2004"]
[Source "ChessBase"]
[SourceDate "2003.11.25"]
[SourceVersion "1"]
[SourceVersionDate "2003.11.25"]
[SourceQuality "1"]

1. d4 d5 2. c4 Nf6 3. cxd5 Qxd5 4. Nc3 Qd8 5. e4 e6 6. Nf3 a6 7. Bg5 Be7 8. Bd3 Nbd7 9. 0-0 h6 10. Bf4 Nh7 11. Rc1 Bg5 12. Nxg5 Nxg5 13. Qe2 0-0 14. e5 f5 15. exf6 Rxf6 16. Bg3 Nf8 17. Be5 Rf7 18. Ne4 Nxe4 19. Qxe4 Ra7 20. Rc3 b5 21. Qg4 Bb7 22. Bb1 Bd5 23. Rh3 Qg5 24. Qxg5 hxg5 25. Rh5 Bc4 26. Re1 c5 27. dxc5 Nd7 28. Bh7+ Kh8 29. Bg6+ Kg8 30. Bxf7+ Kxf7 31. b3 Nxe5 32. Rxe5 Rd7 33. Re1 Kg6 34. Rh3 Bd5 35. Rc3 Kf5 36. f3 b4 37. Rc2 Bc6 38. Kf2 Rd5 39. Ree2 e5 40. Red2 Ke6 41. Rxd5 1-0